|
|
|
|
| LEADER |
01192ppm a22003018a 4500 |
| 001 |
00027257 |
| 005 |
20171026081022.0 |
| 008 |
111017s2009 ||||||viesd |
| 041 |
0 |
# |
|a vie
|
| 082 |
1 |
4 |
|b T120L
|a 153.1
|
| 100 |
1 |
# |
|a Trần, Vũ Bảo
|
| 245 |
1 |
0 |
|a Tâm lý của học sinh về vấn đề học thêm
|b Bài nghiên cứu thực tiễn giáo dục
|c Trần Vũ Bảo...[và nh. ng. khác]; Lê Hiển Dương hướng dẫn
|
| 260 |
# |
# |
|b Trường Đại học Đồng Tháp
|c 2009
|a Đồng Tháp
|
| 300 |
# |
# |
|e 1 bản tóm tắt
|a 38 tr.
|c 30 cm.
|b bảng
|
| 500 |
# |
# |
|a ĐTTTS ghi: Bộ Giáo dục và Đào tạo Đồng Tháp. Trường Đại học Đồng Tháp
|
| 502 |
# |
# |
|a Thư mục: tr.37
|
| 650 |
|
|
|a Tâm lý
|
| 653 |
# |
# |
|a Học sinh
|
| 653 |
# |
# |
|a Học thêm
|
| 700 |
1 |
# |
|a Lê, Hiển Dương
|e hướng dẫn
|
| 700 |
1 |
# |
|a Trần, Thị Lệ Hằng
|
| 852 |
# |
# |
|b Kho đọc
|j KD.0011782
|
| 852 |
# |
# |
|j KD.0011782
|
| 910 |
# |
# |
|a Ntuyet
|d 17/10/2011
|
| 980 |
# |
# |
|a Trung tâm Học liệu Lê Vũ Hùng, Trường Đại học Đồng Tháp
|